|
|
|
|
| LEADER |
00000cam a2200000 a 4500 |
| 001 |
1/121124 |
| 008 |
200320s1996####gr | ||| |||| ||gre|| |
| 020 |
|
|
|a 960758631X
|
| 040 |
|
|
|a GR-MyUa
|b gre
|c GR-MyUa
|e AACR2
|
| 041 |
1 |
|
|a gre
|h eng
|
| 082 |
7 |
|
|a 923
|2 (23)
|
| 100 |
1 |
|
|a King, Martin Luther,
|c Jr.,
|d 1929-1968.
|
| 245 |
1 |
0 |
|a Έχω ένα όνειρο :
|b κείμενα και ομιλίες που άλλαξαν τον κόσμο /
|c Martin Luther King, Jr. ; πρόλογος από την Coretta Scott King ; εισαγωγή και σχόλια James Melvin Washington.
|
| 260 |
|
|
|a Αθήνα :
|b Κοάν,
|c c1996.
|
| 300 |
|
|
|a 311 σ. :
|b εικ. ;
|c 22 εκ.
|
| 500 |
|
|
|a Τίτλος πρωτοτύπου: I have a dream : writings and speeches that changed the world.
|
| 650 |
|
0 |
|a African Americans
|x Civil rights.
|
| 650 |
|
0 |
|a Civil rights movements
|z United States
|x History
|y 20th century.
|
| 650 |
|
0 |
|a Nonviolence.
|
| 700 |
1 |
|
|a Washington, James Melvin.
|
| 852 |
|
|
|a INST
|b SYROS
|e 20200319
|h 923 KIN
|p 005500015011
|q 005500015011
|t BK
|y 0
|
| 920 |
|
|
|a Κοντού
|b Δέσποινα
|y Σύρος
|z 2020-03
|
| 970 |
|
|
|a Κοντού
|b Παρασκευή
|z 20/03/2020
|